LEADER 00835nam0-2200265 --4500 001 9910153953103321 005 20161219130130.0 010 $a978-88-89094-84-6 020 $aIT$b2011-5341 100 $a20161216d2011----kmuy0itay5050----ba 101 0 $aita 102 $aIT 200 1 $aAbitazione di Dio$econservazione dell'Eucarestia e culto eucaristico extra missam$epercorso storico-giuridico, aspetti critici e nuove prospettive$fMaria Grazia Colucci 210 $aNapoli$cEDI$d2011 215 $a380 p.$d24 cm 610 0 $aEucaristia$aDiritto canonico 676 $a234.163 700 1$aColucci,$bMaria Grazia$0740922 801 0$aIT$bUNINA$gRICA$2UNIMARC 901 0$aBK 912 $a9910153953103321 952 0$a200/3 0156$bBibl. 2016/263$fFLFBC 959 0$aFLFBC 996 $aAbitazione di Dio$91469836 997 $aUNINA LEADER 00702nam0-22002531--450 001 990009377910403321 005 20221015105742.0 100 $a20110614d1929----km-y0itay50------ba 101 0 $aita 102 $aIT 105 $a--------001yy 200 1 $aCompendio di contabilità di stato$fSabino Spinedi 210 $aBari$cLaterza$d1929 215 $a228 p., 5 c. di tav.$d17 cm 676 $a343.034$v23$zita 700 1$aSpinedi,$bSabino$0332055 801 0$aIT$bUNINA$gRICA$2UNIMARC 901 $aBK 912 $a990009377910403321 952 $aXIV E 29$b19975$fFGBC 952 $aXIV E 30$b23151$fFGBC 959 $aFGBC 996 $aCompendio di contabilità di stato$9111813 997 $aUNINA